| 000 | 00523cam a2200205ua 4500 | ||
|---|---|---|---|
| 001 | 7972 | ||
| 005 | 20260515114257.0 | ||
| 008 | 150103n ii |||gr||||Z||||||hin | ||
| 040 | _cMAIN | ||
| 041 | _ahin | ||
| 082 | _a891.43 | ||
| 100 |
_aChatturbedi, R. P., _eAuthor. |
||
| 245 | 1 |
_aVrihatta sahityik nibandha _cBy Rajeswar Prasad Chatturbedi |
|
| 250 | _a1st. | ||
| 260 |
_aAgra: _bHarish, _c1996. |
||
| 300 | _a940p. | ||
| 653 | _aEast Indo-European & Celtic literatures | ||
| 653 | _aHindi literature | ||
| 942 | _cBK | ||
| 999 |
_c7086 _d7086 |
||